Statistics for Southernmost Countries by Word Length

Click here to take the quiz!

General Stats

  • This quiz has been taken 34 times
    (30 since last reset)
  • The average score is 8 of 10

Answer Stats

letterscountry% Correct
9Argentina
100%
5Chile
100%
10New Zealand
96%
4Fiji
92%
11South Africa
92%
7Uruguay
79%
6Brazil
71%
8Paraguay
67%
13+Dem Rep Congo
33%
12Guinea-Bissau
21%

Score Distribution

Percentile by Number Answered

Percent of People with Each Score

Your Score History

You have not taken this quiz since the last reset